书目信息 |
| 题名: |
马克·吐温短篇小说选集
|
|
| 作者: | 马克·吐温, 著 ;盛世教育西方名著翻译委员会 译 | |
| 分册: | ||
| 出版信息: | 上海 上海世界图书出版公司 2009.05 |
|
| 页数: | 331页 | |
| 开本: | 22cm | |
| 丛书名: | 中英对照全译本 | |
| 单 册: | ||
| 中图分类: | H319.4 , I712.44 | |
| 科图分类: | ||
| 主题词: | 英语--汉语--对照读物 , 短篇小说--作品集--美国--近代 | |
| 电子资源: | ||
| ISBN: | 978-7-5062-9936-7 | |
| 000 | 01215nam 2200301 450 | |
| 001 | 012010609588 | |
| 005 | 20100701084805.42 | |
| 009 | 012004363442 | |
| 010 | @a978-7-5062-9936-7@b软精装@dCNY15.80 | |
| 100 | @a20100515d2009 em y0chiy0110 ea | |
| 101 | 2 | @achi@aeng@ceng |
| 102 | @aCN@b310000 | |
| 105 | @ay z 000ay | |
| 200 | 1 | @a马克·吐温短篇小说选集@Ama ke·tu wen duan pian xiao shuo xuan ji@d= Selected short stories of Mark Twain@f(美) 马克·吐温著@F(mei)ma ke·tu wen zhu@g盛世教育西方名著翻译委员会[译]@zeng |
| 210 | @a上海@c上海世界图书出版公司@d2009.05 | |
| 215 | @a331页@d22cm | |
| 225 | 2 | @a中英对照全译本@i美国文学卷 |
| 330 | @a本书收录了马克·吐温的16篇小说,包括《坏孩子的故事》、《一个真实的故事》、《竞选州长》、《百万英镑》等。 | |
| 410 | 0 | @12001 @a中英对照全译本 |
| 510 | 1 | @a Selected short stories of Mark Twain@zeng |
| 606 | 0 | @a英语@x汉语@j对照读物 |
| 606 | 0 | @a短篇小说@x作品集@y美国@z近代 |
| 690 | @aH319.4@v4 | |
| 690 | @aI712.44@v4 | |
| 701 | 1 | @a马克·吐温,@Ama ke·tu wen,@c(Mark Twain)@f1835-1910@4著 |
| 712 | 02 | @a盛世教育西方名著翻译委员会@Asheng shi jiao yu xi fang ming zhu fan yi wei yuan hui@4译 |
| 801 | 0 | @aCN@c20100515 |
| 905 | @dH319.4@eM081-4@f3 | |
| 马克·吐温短篇小说选集= Selected short stories of Mark Twain/(美) 马克·吐温著/盛世教育西方名著翻译委员会[译].-上海:上海世界图书出版公司,2009.05 |
| 331页;22cm.-(中英对照全译本.美国文学卷) |
| ISBN 978-7-5062-9936-7(软精装):CNY15.80 |
| 本书收录了马克·吐温的16篇小说,包括《坏孩子的故事》、《一个真实的故事》、《竞选州长》、《百万英镑》等。 |
| ● |
| 相关链接 |
|
|
|
正题名:马克·吐温短篇小说选集
索取号:H319.4/M081-4
 
预约/预借
| 序号 | 登录号 | 条形码 | 馆藏地/架位号 | 状态 | 备注 |
| 1 | 989521 | 209895210 | 语言库209/209语言库 47排1列5层/ [索取号:H319.4/M081-4] | 在馆 | |
| 2 | 989522 | 209895229 | 语言库209/209语言库 47排1列5层/ [索取号:H319.4/M081-4] | 在馆 | |
| 3 | 989523 | 209895238 | 语言库209/209语言库 47排1列5层/ [索取号:H319.4/M081-4] | 在馆 |